| 000 | 00606nam a22001937a 4500 | ||
|---|---|---|---|
| 003 | OSt | ||
| 005 | 20251020032020.0 | ||
| 008 | 251020b |||||||| |||| 00| 0 eng d | ||
| 020 | _a978-621-02-2418-4 | ||
| 040 |
_aDWCL - Main lib _cOC |
||
| 082 | _aFil. 340.1 F819l 2024 | ||
| 100 | _aFrancisco, Oliver G. | ||
| 245 |
_aThe Law and its Philosophy/ _cOliver G. Francisco |
||
| 260 |
_aQuezon City, Philippines : _bCentral Book Supply, inc., _c c2024. |
||
| 300 |
_a107 pages : _billustrations ; _c25cm. |
||
| 650 | _a1. Law - Philosophy | ||
| 650 | _a2. Legal theory | ||
| 942 |
_2ddc _cBK - FIL _kFil _n0 |
||
| 999 |
_c4928 _d4928 |
||